000 00356nam a22001577a 4500
003 SGT
020 _a9789350350300
082 _a346.54048,WAD
100 _aWADEHRA, B. L.
245 _aLAW RELATING TO INTELLECTUAL PROPERTY
250 _a5TH
260 _aNEW DELHI
_bUNIVERSAL
_c2015
300 _a577
650 _aPROPERTY LAW
942 _2ddc
_cBK
_011
999 _c10184
_d10184